Correctly Spelled Country Capitals - Sudden Death #1 - Statistics

General Stats
  • This quiz has been taken 41 times
    5 since last reset
  • The average score is 11 of 15
Answers on the Grid
Answers color-coded by a green-red scale on the quiz's grid according to % correct below.
Andorra la Valle
Brusels
Brazaville
Hanoi
Harare
Kartoum
Roseau
Canberra
Ankara
Bisau
Tehren
Algeirs
Tunis
Luanda
Raykjavík
Dili
Minsk
Brazilia
Beijing
Phnom Penh
Quieto
Baku
Georgtown
Niscosia
Tbilisi
Daka
Jerusalem
Kinhasa
Ciudad de la Paz
Acra
 
Answer Stats
Answer % Correct
Ankara
100%
Baku
100%
Hanoi
100%
Beijing
80%
Dili
80%
Harare
80%
Minsk
80%
Tbilisi
80%
Tunis
80%
Canberra
60%
Luanda
60%
Roseau
60%
Ciudad de la Paz
40%
Jerusalem
40%
Phnom Penh
40%
No matching quizzes found
Score Distribution
Percent of People with Each Score
Percentile by Number Answered
Your Score History
You have not taken this quiz since the last reset